[Event "LTU-ch U14"]
[Site "Kaunas"]
[Date "2017.04.07"]
[Round "4"]
[White "Likatavicius, Rapolas"]
[Black "Slikas, Rokas"]
[Result "1/2-1/2"]
[WhiteElo "1389"]
[BlackElo "1436"]
[PlyCount "55"]
[EventDate "2017.04.05"]
[EventType "swiss"]
[EventRounds "8"]
[EventCountry "LTU"]
[SourceTitle "CBM 177 Extra"]
[Source "ChessBase"]
[SourceDate "2017.04.27"]
[SourceVersion "1"]
[SourceVersionDate "2017.04.27"]
[SourceQuality "1"]

1. d4 d5 2. Nf3 Nf6 3. e3 e6 4. c4 dxc4 5. Bxc4 c5 6. 0-0 a6 7. a4 Be7 8. Nc3 Nc6 9. Re1 0-0 10. Re2 Qc7 11. Rd2 Rd8 12. d5 exd5 13. Bxd5 Nb4 14. e4 Bg4 15. Qb3 Nfxd5 16. Nxd5 Nxd5 17. Rxd5 Rxd5 18. exd5 Bxf3 19. Qxf3 Bd6 20. g3 Be5 21. Ra3 Bd6 22. Re3 Qd7 23. b3 Re8 24. Qe2 Rxe3 25. Bxe3 a5 26. Bd2 b6 27. Qa6 Qd8 28. Qb7 1/2-1/2

[Event "LTU-ch U14"]
[Site "Kaunas"]
[Date "2017.04.05"]
[Round "1"]
[White "Stremavicius, Pijus"]
[Black "Likatavicius, Rapolas"]
[Result "1-0"]
[WhiteElo "1835"]
[BlackElo "1389"]
[PlyCount "97"]
[EventDate "2017.04.05"]
[EventType "swiss"]
[EventRounds "8"]
[EventCountry "LTU"]
[SourceTitle "CBM 177 Extra"]
[Source "ChessBase"]
[SourceDate "2017.04.27"]
[SourceVersion "1"]
[SourceVersionDate "2017.04.27"]
[SourceQuality "1"]

1. d4 d5 2. Bf4 Nf6 3. Nf3 e6 4. e3 c6 5. Bd3 Bd6 6. Bg3 Bxg3 7. hxg3 Nbd7 8. Nbd2 h6 9. c3 b6 10. Qe2 Bb7 11. e4 dxe4 12. Nxe4 Nxe4 13. Bxe4 Qc7 14. 0-0 0-0 15. g4 Nf6 16. Nd2 Nxe4 17. Nxe4 c5 18. dxc5 Bxe4 19. Qxe4 Qxc5 20. Rfd1 Rad8 21. Qb7 a5 22. Rd7 Qb5 23. Rxd8 Rxd8 24. b3 Rd2 25. c4 Qc5 26. Qa8+ Kh7 27. Qf3 Qd4 28. Re1 Qf6 29. Qxf6 gxf6 30. a3 Rd3 31. Re3 Rxe3 32. fxe3 Kg6 33. Kf2 f5 34. Kf3 Kg5 35. gxf5 Kxf5 36. b4 axb4 37. axb4 Ke5 38. Kg4 f5+ 39. Kh5 f4 40. exf4+ Kxf4 41. Kxh6 e5 42. b5 e4 43. c5 e3 44. cxb6 e2 45. b7 e1Q 46. b8Q+ Kg4 47. Qg8+ Kf5 48. Qg6+ Kf4 49. Qg5+ 1-0

[Event "LTU-ch"]
[Site "Vilnius"]
[Date "2017.02.25"]
[Round "1"]
[White "Petraitis, Gintautas"]
[Black "Likatavicius, Rapolas"]
[Result "1-0"]
[WhiteElo "1925"]
[BlackElo "1417"]
[PlyCount "79"]
[EventDate "2017.02.25"]
[EventType "swiss"]
[EventRounds "9"]
[EventCountry "LTU"]
[SourceTitle "CBM 177 Extra"]
[Source "ChessBase"]
[SourceDate "2017.04.27"]
[SourceVersion "1"]
[SourceVersionDate "2017.04.27"]
[SourceQuality "1"]

1. e4 d5 2. exd5 Qxd5 3. Nc3 Qd6 4. Nf3 c6 5. d4 Nf6 6. Be2 Bf5 7. 0-0 e6 8. h3 Be7 9. Bg5 0-0 10. Qd2 Qc7 11. Nh4 Bg6 12. Nxg6 hxg6 13. Rad1 Re8 14. Bf3 Nd5 15. Nxd5 cxd5 16. Bxe7 Rxe7 17. c3 Nc6 18. g3 Rc8 19. Bg2 Na5 20. Rfe1 Nc4 21. Qe2 Qd6 22. b3 Nb6 23. Qd2 Rec7 24. Re3 Nd7 25. f4 f5 26. Rde1 Re8 27. Kh2 Nf6 28. Re5 Kf7 29. c4 Ree7 30. c5 Qc6 31. R5e3 b6 32. b4 b5 33. Qe2 Rb7 34. Bf1 Ne4 35. a4 a6 36. axb5 axb5 37. Ra1 Ra7 38. Rea3 Qa8 39. Qa2 Rxa3 40. Qxa3 1-0

[Event "EU Union-ch U12"]
[Site "Kouty nad Desnou"]
[Date "2016.08.13"]
[Round "8"]
[White "Likatavicius, Rapolas"]
[Black "Persanyi, Barnabas"]
[Result "0-1"]
[WhiteElo "1278"]
[BlackElo "2059"]
[PlyCount "92"]
[EventDate "2016.08.06"]
[EventType "swiss"]
[EventRounds "9"]
[EventCountry "CZE"]
[SourceTitle "CBM 174 Extra"]
[Source "ChessBase"]
[SourceDate "2016.10.10"]
[SourceVersion "1"]
[SourceVersionDate "2016.10.10"]
[SourceQuality "1"]

1. d4 Nf6 2. Nf3 c5 3. c3 b6 4. Bf4 Bb7 5. h3 g6 6. e3 Bg7 7. Be2 d6 8. Nbd2 Nbd7 9. 0-0 0-0 10. Re1 Re8 11. Bh2 d5 12. Ne5 Nxe5 13. Bxe5 Nd7 14. Bxg7 Kxg7 15. Nf3 Qc7 16. Rc1 e5 17. Qc2 e4 18. Nd2 f5 19. Bb5 Bc6 20. Bxc6 Qxc6 21. f4 exf3 22. Nxf3 c4 23. Re2 Re7 24. Rce1 Rae8 25. Qd1 b5 26. Kf2 a5 27. Qd2 Nf6 28. Kg1 Ne4 29. Qc1 b4 30. Ne5 Qb6 31. Kh2 Rb7 32. Kg1 Reb8 33. Kh2 Qb5 34. h4 h5 35. Nf3 Qa4 36. Qa1 bxc3 37. bxc3 Qa3 38. Rc2 Rb2 39. Rec1 Nf2 40. Ne5 Ng4+ 41. Nxg4 hxg4 42. Kg1 a4 43. Kf1 R2b6 44. Kf2 Qe7 45. Kg3 Qxe3+ 46. Kh2 g3+ 0-1

[Event "EU Union-ch U12"]
[Site "Kouty nad Desnou"]
[Date "2016.08.09"]
[Round "4"]
[White "Povilaitis, Tomas"]
[Black "Likatavicius, Rapolas"]
[Result "0-1"]
[WhiteElo "1657"]
[BlackElo "1278"]
[PlyCount "36"]
[EventDate "2016.08.06"]
[EventType "swiss"]
[EventRounds "9"]
[EventCountry "CZE"]
[SourceTitle "CBM 174 Extra"]
[Source "ChessBase"]
[SourceDate "2016.10.10"]
[SourceVersion "1"]
[SourceVersionDate "2016.10.10"]
[SourceQuality "1"]

1. c4 e5 2. Nc3 Nf6 3. g3 c6 4. Bg2 d5 5. cxd5 cxd5 6. d4 exd4 7. Qxd4 Nc6 8. Qd1 d4 9. Nb5 Qa5+ 10. Bd2 Qxb5 11. Qc2 Bb4 12. Nf3 Bxd2+ 13. Nxd2 Be6 14. Rc1 Rc8 15. 0-0 0-0 16. Ne4 Nxe4 17. Bxe4 g6 18. f4 Bf5 0-1

[Event "EU Union-ch U12"]
[Site "Kouty nad Desnou"]
[Date "2016.08.08"]
[Round "3"]
[White "Likatavicius, Rapolas"]
[Black "Ciolacu, Alessia Mihaela"]
[Result "1/2-1/2"]
[WhiteElo "1278"]
[BlackElo "1612"]
[PlyCount "162"]
[EventDate "2016.08.06"]
[EventType "swiss"]
[EventRounds "9"]
[EventCountry "CZE"]
[SourceTitle "CBM 174 Extra"]
[Source "ChessBase"]
[SourceDate "2016.10.10"]
[SourceVersion "1"]
[SourceVersionDate "2016.10.10"]
[SourceQuality "1"]

1. d4 d5 2. Nf3 Nf6 3. Bf4 Nbd7 4. e3 e6 5. Nbd2 c5 6. c3 Be7 7. Bd3 b6 8. Ne5 Bb7 9. 0-0 0-0 10. Nxd7 Qxd7 11. Be5 a6 12. Bxf6 Bxf6 13. Nf3 c4 14. Bc2 b5 15. Ne5 Qc7 16. f4 a5 17. Qh5 g6 18. Qh6 Bg7 19. Qh4 Qd8 20. Qxd8 Rfxd8 21. a3 Bf8 22. Bd1 b4 23. axb4 axb4 24. Bf3 Ba6 25. Ra5 bxc3 26. bxc3 f6 27. Ng4 Kf7 28. Rfa1 Bb7 29. Rxa8 Rxa8 30. Rxa8 Bxa8 31. Kf1 Bc6 32. Bd1 Bd6 33. g3 Ba3 34. Ke1 Bc1 35. Ke2 Bd7 36. Nf2 Ke7 37. Bc2 f5 38. Nh3 h6 39. Ng1 Kf6 40. Nh3 g5 41. Nf2 Be8 42. Nd1 Bh5+ 43. Kf2 Ke7 44. fxg5 hxg5 45. h3 Kd6 46. Ba4 Kc7 47. Bc2 Bd2 48. h4 gxh4 49. gxh4 Kd6 50. Ba4 Ke7 51. Bc2 Kf6 52. Ba4 Bg4 53. Bc2 Kg6 54. Nb2 Bxc3 55. Na4 Ba5 56. Nc5 Kf7 57. Kg3 Be1+ 58. Kg2 Bxh4 59. Nd7 Be2 60. Ba4 Ke7 61. Nc5 Be1 62. Bc2 Bb4 63. Na6 Bd6 64. Kf2 Bh5 65. Ke1 Be8 66. Kd2 Bb5 67. Nc5 Bc7 68. Nb7 Bc6 69. Nc5 Ba5+ 70. Kd1 Kd6 71. Na4 Bxa4 72. Bxa4 e5 73. dxe5+ Kxe5 74. Bc2 f4 75. exf4+ Kxf4 76. Bh7 d4 77. Bg8 c3 78. Bh7 Ke3 79. Kc2 Bc7 80. Bg6 Be5 81. Bh7 Ke2 1/2-1/2